| 000 | 00487nam a22001457a 4500 | ||
|---|---|---|---|
| 003 | 0 | ||
| 005 | 20160609172238.0 | ||
| 008 | 130813t xxu||||| |||| 00| 0 eng d | ||
| 040 |
_aBUAC _bFr _cBEPAC |
||
| 100 |
_aKINSICLOUNON, Sidoine R. _926282 |
||
| 245 |
_aEtude de l’efficacité énergétique dans le réseau de vapeur de la savonnerie d’Agbokou _cKINSICLOUNON, Sidoine R. |
||
| 260 |
_aAbomey-Calavi _bEcole Polytechnique d’Abomey-Calavi _c2007 |
||
| 300 | _a82 p. | ||
| 942 | _cTHE | ||
| 999 |
_c52512 _d52512 |
||